[Event "GRE-ch"]
[Site "Athens"]
[Date "1988.??.??"]
[Round "?"]
[White "Kotronias, Vasilios"]
[Black "Gratseas, Stefanos"]
[Result "1-0"]
[WhiteElo "2465"]
[BlackElo "2275"]
[PlyCount "103"]
[EventDate "1988.??.??"]
[EventType "tourn"]
[EventRounds "14"]
[EventCountry "GRE"]
[EventCategory "2"]
[SourceTitle "EXT 2001"]
[Source "ChessBase"]
[SourceDate "2000.11.22"]
[SourceVersion "1"]
[SourceVersionDate "2000.11.22"]
[SourceQuality "1"]

1. Nf3 Nf6 2. c4 c5 3. Nc3 e6 4. g3 b6 5. Bg2 Bb7 6. 0-0 Be7 7. b3 0-0 8. Bb2 d6 9. Re1 Nbd7 10. e4 a6 11. d4 cxd4 12. Nxd4 Qc7 13. Rc1 Rac8 14. h3 Rfe8 15. g4 g6 16. Nde2 Bf8 17. Qd2 Ne5 18. Ng3 h6 19. f4 Ned7 20. Kh1 Qb8 21. Qe2 Bc6 22. Rcd1 e5 23. fxe5 dxe5 24. Rf1 b5 25. Nd5 Re6 26. Rf3 bxc4 27. bxc4 Bxd5 28. cxd5 Rb6 29. Bc1 Rb1 30. Rff1 Qb5 31. Qf3 Qa4 32. h4 Qxa2 33. g5 Rb3 34. Rd3 Rxd3 35. Qxd3 hxg5 36. hxg5 Ne8 37. Qf3 Nd6 38. Bh3 Rc7 39. Ba3 Nc5 40. Bxc5 Rxc5 41. Be6 Rc7 42. Qf6 Kh7 43. Qxe5 Rc2 44. Nh5 gxh5 45. Rxf7+ Nxf7 46. g6+ Kxg6 47. Qf5+ Kh6 48. Qf6+ Kh7 49. Qxf7+ Kh6 50. Qf6+ Kh7 51. Bf5+ Kg8 52. Qg6+ 1-0